Los poderes del gobierno : (Registro nro. 39456)
[ vista simple ]
| 000 -CABECERA | |
|---|---|
| campo de control de longitud fija | 00762nam a2200181 a 4500 |
| 001 - NÚMERO DE CONTROL | |
| campo de control | 000039966 |
| 005 - FECHA Y HORA DE LA ÚLTIMA TRANSACCIÓN | |
| campo de control | 20201002033834.0 |
| 008 - DATOS DE LONGITUD FIJA--INFORMACIÓN GENERAL | |
| campo de control de longitud fija | 130801s1966 mx 000 0 spa d |
| 040 ## - FUENTE DE LA CATALOGACIÓN | |
| Centro catalogador/agencia de origen | DO-SdBNP |
| Lengua de catalogación | spa |
| Centro/agencia transcriptor | BNPHU |
| 100 1# - ENTRADA PRINCIPAL--NOMBRE DE PERSONA | |
| Nombre de persona | Schwartz, Bernard |
| 9 (RLIN) | 49980 |
| 240 14 - TÍTULO UNIFORME | |
| Título uniforme | A commentary on the United States |
| Lenguaje de la obra | Español |
| 245 14 - MENCIÓN DE TÍTULO | |
| Título | Los poderes del gobierno : |
| Resto del título | comentario sobre la constitución de los Estados Unidos / |
| Mención de responsabilidad, etc. | Bernard Schwartz ; traductor José Juan Olloqui Labastida. |
| 260 ## - PUBLICACIÓN, DISTRIBUCIÓN, ETC. | |
| Lugar de publicación, distribución, etc. | México : |
| Nombre del editor, distribuidor, etc. | Universidad Nacional Autónoma de México, |
| Fecha de publicación, distribución, etc. | 1966. |
| 300 ## - DESCRIPCIÓN FÍSICA | |
| Extensión | v ; |
| Dimensiones | 25 cm. |
| 505 1# - NOTA DE CONTENIDO CON FORMATO | |
| Información miscelánea | v. I |
| Título | Poderes federales y estatales |
| Información miscelánea | v. II |
| Título | Poderes del presidente |
| 500 ## - NOTA GENERAL | |
| Nota general | La biblioteca posee el volúmen I y II |
| 700 1# - PUNTO DE ACCESO ADICIONAL--NOMBRE DE PERSONA | |
| Nombre de persona | Olloqui Labastida, José Juan |
| Término indicativo de función/relación | trad. |
| 9 (RLIN) | 66183 |
| Estado de retiro | Estado de pérdida | Restricciones de uso | No para préstamo | Código de colección | Localización permanente | Ubicación/localización actual | Ubicación en estantería | Fecha de adquisición | Número de inventario | Total de préstamos | Signatura topográfica completa | Código de barras | Fecha visto por última vez | Precio válido a partir de | Tipo de ítem Koha |
|---|---|---|---|---|---|---|---|---|---|---|---|---|---|---|---|
| Monografías: Libros y Folletos | General | General | En catalogación | 01.08.2013 | LF1 | v. 1 | 39966-10 | 25.06.2020 | 25.06.2020 | Préstamo en sala | |||||
| Monografías: Libros y Folletos | General | General | En catalogación | 01.08.2013 | LF1 | v. 2 | 39966-20 | 25.06.2020 | 25.06.2020 | Préstamo en sala |
